|
|
|
|
| LEADER |
00000nam a2200000Ia 4500 |
| 008 |
180704b1992 cr ||||| |||| 00| | spa d |
| 999 |
|
|
|c 1993
|d 1993
|
| 090 |
|
|
|a 06.06.01
|b 576
|
| 110 |
|
|
|a Consejo Nacional de Rectores. Oficina de Planificación de la Educación Superior
|9 44
|
| 245 |
1 |
|
|a Conocimientos y expectativas de los estudiantes de último año de secundaria sobre la educación superior 1992
|
| 260 |
|
|
|a San José, Costa Rica :
|b OPES,
|c 1992
|
| 300 |
|
|
|a 95 páginas
|
| 650 |
1 |
4 |
|a ESTUDIANTES
|9 332
|
| 650 |
1 |
4 |
|a EDUCACIÓN SECUNDARIA
|9 456
|
| 650 |
1 |
4 |
|a EDUCACIÓN SUPERIOR
|9 8
|
| 650 |
1 |
4 |
|a CONOCIMIENTO
|9 42
|
| 942 |
|
|
|i 001210
|h 06.06.01 576
|2 z
|c 01
|